LIBRARY & INFORMATION CENTRE, KCAET, TAVANUR

ONLINE PUBLIC ACCESS CATALOGUE (OPAC)

Modern Techniques for Food Authentication (Record no. 14291)

MARC details
000 -LEADER
fixed length control field 00292nam a22001217a 4500
020 ## - INTERNATIONAL STANDARD BOOK NUMBER
ISBN 9780123740854
082 ## - DEWEY DECIMAL CLASSIFICATION NUMBER
Classification number 664
Item number SUN/MO
245 ## - TITLE STATEMENT
Title Modern Techniques for Food Authentication
260 ## - PUBLICATION, DISTRIBUTION, ETC. (IMPRINT)
Place of publication New Delhi
Name of publisher Academic Press
Year of publication 2008
300 ## - PHYSICAL DESCRIPTION
Number of Pages 689
700 ## - ADDED ENTRY--PERSONAL NAME
Personal name Sun, Da-Wen
942 ## - ADDED ENTRY ELEMENTS (KOHA)
Koha item type Reference
Holdings
Withdrawn status Lost status Damaged status Collection code Home library Current library Shelving location Date acquired Source of acquisition Cost, normal purchase price Full call number Accession Number Koha item type
      Reference KAUAET KAUAET Reference1 15/06/2016 Dream Tech, Trivandrum 4995.00 664 SUN/MO 24446 Reference
free website counter